1547 1893 1228 1147 1087 1337 1001 1666 1843 1859 1782 1956 1325 1337 1349 1450 1867 1326 1228 1755 1392 1440 1263 1104 1692 1750 1876 1941 1810 1994 1908 1055 1787 1869 1855 1331 1715 1641 1878 1084 1709 1042 1538 1785 1260 1507 1223 1941 1944 1024 1433 1046 1127 1126 1433 1575 1044 1726 1600 1931 1289 1027 1000 1522 1778 1743 1902 1358 1476 1034 1695 1050 1226 1321 1287 1687 1690 1088 1683 1634 1155 1672 1166 1086 1515 1552 1729 1949 1379 1782 1523 1242 1183 1903 1941 1327 1913 1153 1029 BCNSPRNW ULIB Ver.6.0+V

เปลี่ยนเป็นภาษาไทย

Change to English
 แสดงรายละเอียดบรรณานุกรม
  กลับหน้าหลัก

Brief Record : Get Marc (ISO 2709) : E-mail record : QR code < ปิดหน้าต่าง
LEADER : 00000nam 2200000uu 4500
001    13399122449
003     ULIB
008    130624s2555||||th 000 0 tha d
060  4 ^aWA18^bW926
245 00 ^aWorking together for health security :^b4th international nursing and public health conference Thailand : April 10-12, 2012 The Empress Chiang Mai, Thailand Praboromarajchanok Institute, Ministry of Public Health, Thailand
260    ^a[n.p.:^bMinistry of Public Health,^c2012
300    ^a220 p. :^bill.
650  2 ^aHealth^xCongress
710 1  ^aMinistry of Public Health.^bPraboromrajchanok Institute.
945    ^p0^l0^i19938
995    ทศพร
999    ^aกัณชพร
รายการนี้ยังไม่มีแท็ก
คุณยังไม่ได้ล็อกอิน คุณสามารถมีกิจกรรมร่วมกับเว็บไซต์ได้ แต่ต้องล็อกอินก่อน ::
  ล็อกอิน

รายการสื่อสารสนเทศ

ลำดับที่ ประเภท เลขเรียก/บาร์โค้ด สถานที่ สถานะ
1. วิทยาศาสตร์การแพทย์ และสุขภาพ
วิทยาศาสตร์การแพทย์ และสุขภาพ
WA18 W926  
  Barcode: 19938
ห้องสมุดวิทยาเขตสวรรค์ประชารักษ์
►หนังสือทั่วไป
บนชั้น

BibComment


ยังไม่เคยถูกคอมเมนท์

คอมเมนท์ทรัพยากรรายการนี้
  คอมเมนท์: Working together..


 Copyright 2026. Bcnsprnw @Library